Girl child and human rights / (Record no. 124513)

MARC details
000 -LEADER
fixed length control field 00747nam a22002417a 4500
005 - DATE AND TIME OF LATEST TRANSACTION
control field 20170124105940.0
010 ## - LIBRARY OF CONGRESS CONTROL NUMBER
LC control number B-121801
020 ## - INTERNATIONAL STANDARD BOOK NUMBER
Terms of availability 500.00
International Standard Book Number 9788126121595
035 ## - SYSTEM CONTROL NUMBER
System control number B-121801
037 ## - SOURCE OF ACQUISITION
Source of stock number/acquisition Cen Lib/Ret
040 ## - CATALOGING SOURCE
Original cataloging agency DPL
Language of cataloging EN
082 ## - DEWEY DECIMAL CLASSIFICATION NUMBER
Classification number 323
245 ## - TITLE STATEMENT
Title Girl child and human rights /
Statement of responsibility, etc edited by Debadutta chaudhary [and] S.N.Tripathy
260 ## - PUBLICATION, DISTRIBUTION, ETC. (IMPRINT)
Place of publication, distribution, etc New Delhi
Name of publisher, distributor, etc Anmol publications
Date of publication, distribution, etc 2005
270 ## - ADDRESS
Address 4374/4B,Ansari road Darya Ganj
City New Delhi
Postal code 110002
300 ## - PHYSICAL DESCRIPTION
Extent xi,185p.
Dimensions 21cm(Hb)
500 ## - GENERAL NOTE
General note Includes index
650 ## - SUBJECT ADDED ENTRY--TOPICAL TERM
Topical term or geographic name as entry element Human rights
9 (RLIN) 11001
650 ## - SUBJECT ADDED ENTRY--TOPICAL TERM
Topical term or geographic name as entry element Girls--Social conditions
9 (RLIN) 11002
700 ## - ADDED ENTRY--PERSONAL NAME
Personal name Chaudhary,Debadutta
9 (RLIN) 11003
700 ## - ADDED ENTRY--PERSONAL NAME
Personal name Tripathy,S.N.
9 (RLIN) 11004
942 ## - ADDED ENTRY ELEMENTS (KOHA)
Source of classification or shelving scheme Dewey Decimal Classification
Koha item type English Books
Classification part 323
Call number suffix GIR
Holdings
Withdrawn status Lost status Damaged status Not for loan Home library Current library Date acquired Source of acquisition Cost, normal purchase price Total Checkouts Total Renewals Full call number Barcode Date last seen Date checked out Copy number Cost, replacement price Price effective from Koha item type
        Central Library Central Library 16/06/2015 Cen Lib/Ret 500.00 2 2 323 GIR B-121801 01/04/2022 12/03/2022 1 500.00 16/06/2015 English Books

© Delhi Public Library
Hit Counter
free hit counter